|
|
|
|
| LEADER |
00815cam a2200229 7i4500 |
| 001 |
0000045830 |
| 005 |
20170218090000.0 |
| 020 |
|
|
|a 9780073376288 (hbk.)
|
| 020 |
|
|
|a 0073376280 (hbk.)
|
| 090 |
0 |
0 |
|a QA76.9.C65
|b K45 2010
|
| 100 |
1 |
|
|a Kelton, W. David
|
| 245 |
1 |
0 |
|a Simulation with Arena
|c W. David Kelton, Randall P. Sadowski, Nancy B. Swets.
|
| 250 |
|
|
|a 5th ed.
|
| 260 |
|
|
|a Boston:
|b McGraw-Hill Higher Education,
|c 2010.
|
| 300 |
|
|
|a xix, 636 p.:
|b ill.;
|c 24 cm.
|
| 640 |
0 |
0 |
|a Arena (Computer file)
|
| 650 |
0 |
0 |
|a Computer simulation
|
| 700 |
1 |
|
|a Sadowski, Randall P
|
| 700 |
1 |
|
|a Swets, Nancy B
|
| 997 |
|
|
|a Communication, Visual Art & Computing, Faculty
|b Computing, Department
|
| 998 |
|
|
|a Computer Science (Software Engineering), Degree
|
| 999 |
|
|
|a 0000054956
|b BOK
|c OPEN SHELF
|e 2nd Floor, Bestari Jaya
|